Pedro: maestro y aprendiz
Gespeichert in:
| 1. Verfasser: | |
|---|---|
| Format: | Buch |
| Sprache: | Spanisch |
| Veröffentlicht: |
Valparaíso
Universitarias de Valparaíso
1982
|
| Schlagworte: | |
| Tags: |
Tag hinzufügen
Keine Tags, Fügen Sie den ersten Tag hinzu!
|
MARC
| LEADER | 00000nam a2200000 a 4500 | ||
|---|---|---|---|
| 001 | UCW4038 | ||
| 003 | CL-VaPUC | ||
| 008 | 890724e19820000CL |||||||||||||||||spa|d | ||
| 082 | 0 | 4 | |a Ch863 |b PHI |2 21 |
| 100 | 0 | |a Phillips Riveros, Myriam |e author |9 308564 | |
| 245 | 1 | 0 | |a Pedro: maestro y aprendiz |
| 300 | |a 102 p | ||
| 942 | |c BK | ||
| 945 | |d 19890724 00:00:00 | ||
| 260 | |a Valparaíso |b Universitarias de Valparaíso |c 1982 | ||
| 650 | 0 | |a Cuentos chilenos |9 308280 | |
| 583 | |a last modification |c 19890724 00:00:00 |k Rodrigo Vera | ||
| 999 | |c 217866 |d 217864 | ||
| 952 | |0 0 |1 0 |4 0 |6 CH_863_000000000000000_PHI_1982 |7 0 |8 A |9 206433 |a BIBEDU |b BIBEDU |c ES_NOD |d 2019-11-15 |i 2742373 |l 1 |o Ch863 PHI 1982 |p 2742373 |r 2023-08-09 |s 2021-08-18 |w 2019-11-15 |y BK |k LIT | ||
| 952 | |0 0 |1 0 |4 0 |6 CH_863_000000000000000_PHI_1982 |7 0 |8 A |9 206434 |a BIBEDU |b BIBEDU |c ES_NOD |d 2019-11-15 |i 2742381 |o Ch863 PHI 1982 |p 2742381 |r 2023-08-09 |w 2019-11-15 |y BK |k LIT | ||
| 952 | |0 0 |1 0 |4 0 |6 CH_863_000000000000000_PHI_1982 |7 0 |8 A |9 206435 |a BIBEDU |b BIBEDU |c ES_NOD |d 2019-11-15 |i 274239K |o Ch863 PHI 1982 |p 274239K |r 2023-08-09 |w 2019-11-15 |y BK |k LIT | ||
| 952 | |0 0 |1 0 |4 0 |6 CH_863_000000000000000_PHI_1982 |7 0 |8 A |9 206436 |a BIBEDU |b BIBEDU |c ES_NOD |d 2019-11-15 |i 2742403 |o Ch863 PHI 1982 |p 2742403 |r 2023-08-09 |w 2019-11-15 |y BK |k LIT | ||
| 952 | |0 0 |1 0 |4 0 |6 CH_863_000000000000000_PHI_1982 |7 0 |8 A |9 206437 |a BIBEDU |b BIBEDU |c ES_NOD |d 2019-11-15 |i 2742411 |l 1 |o Ch863 PHI 1982 |p 2742411 |r 2024-03-05 |s 2023-11-22 |w 2019-11-15 |y BK |k EDU | ||